| 000 | 00533nam a2200193Ia 4500 | ||
|---|---|---|---|
| 005 | 20250508153228.0 | ||
| 008 | 008 250505s9999 xx 000 0 eng d | ||
| 037 | _aTextual | ||
| 040 |
_aFEDL _beng _cFEDL |
||
| 041 |
_aeng _2eng |
||
| 084 |
_a336.39, PRE _qFEDL |
||
| 100 | _aPremchand A | ||
| 245 | 0 | _aControl of public expenditure in India | |
| 260 |
_aNew Delhi, India _bAllied Publishers _c1963 |
||
| 300 | _axiii,480p. | ||
| 650 | _aEconomics | ||
| 942 |
_cTEXL _h336.39, PRE |
||
| 999 |
_c1341394 _d1341394 |
||